Riešenie krízových situácií v špecifickom prostredí 7. vedecká konferencia s medzinárodnou účasťou, 22.-23. mája 2002, Žilina [1. časť]

Bibliographic Details
Corporate Author: Riešenie krízových situácií v špecifickom prostredí Žilina, Slovensko (Author)
Other Authors: Novák, Ladislav (Compiler), Vančo, Branislav (Compiler), Gašpieriková, Iveta (Compiler)
Format: Conference Proceeding Book
Language:Slovak
Published: Žilina Žilinská univerzita Ministerstvo hospodárstva SR 2002
Edition:[1. vyd.]
Subjects:

MARC

LEADER 00000nam a2200000 a 4500
001 vtls001449476
003 SK-MaSNL
005 20260301203107.0
008 240226s2002 xo a r slo
015 |a SNBA2003/05-01277 
020 |a 8088829712 
035 |a SNK000404754 
035 |a urn:nbn:sk:snk-amkof4 
035 |a urn:nbn:sk:snk-am003rcm 
035 |a 4A545729-AF46-4EF2-8723-B81F82882992 
040 |a SNK  |b slo  |c SNK  |e AACR2 
041 0 |a slo 
044 |a xo  |c SK 
072 7 |a 364-1/-7  |x Druhy sociálnej pomoci a služieb  |2 konspekt 
072 7 |a 614.8  |x Úrazy a ich prevencia  |2 konspekt 
080 |a 364.6-022.258  |2 1981 
080 |a 65.011.8  |2 1981 
080 |a 35.078.7  |2 1981 
080 |a 364.6  |2 1981 
080 |a (063)  |2 1981 
111 1 |a Riešenie krízových situácií v špecifickom prostredí  |n (7. :  |d 2002 :  |c Žilina, Slovensko)  |4 aut  |9 301084 
245 1 0 |a Riešenie krízových situácií v špecifickom prostredí  |b 7. vedecká konferencia s medzinárodnou účasťou, 22.-23. mája 2002, Žilina  |c [zborník zostavili: Ladislav Novák, Branislav Vančo, Iveta Gašpieriková]  |n [1. časť] 
250 |a [1. vyd.] 
260 |a Žilina  |b Žilinská univerzita  |b Ministerstvo hospodárstva SR  |c 2002 
300 |a 211 s.  |b sch., tab.  |c 21 cm 
500 |a Čiast. text čes., angl., poľ. a rus. 
500 |a Údaj o zost. prevzatý z tiráže 
500 |a 200 výt. 
504 |a Bibliogr. odkazy. Res. slov., čes. a angl. 
650 0 7 |a krízové situácie  |2 SNKPH  |9 1563 
650 0 7 |a krízový manažment  |2 SNKPH  |9 4171 
650 0 7 |a integrovaný záchranný systém  |2 SNKPH  |9 4280 
650 0 7 |a sociálne problémy  |2 SNKPH  |9 4223 
655 7 |a zborníky konferencií  |2 SNKPH  |9 70153 
700 1 |a Novák, Ladislav  |4 com  |9 274283 
700 1 |a Vančo, Branislav  |4 com  |9 25511 
700 1 |a Gašpieriková, Iveta  |4 com  |9 301085 
919 |a 80-88829-71-2 
958 |a OND 
968 |d 65 
999 |c 901321  |d 903251 
952 |t P60, <03>, [BOOK], {603}  |a SNK  |b SNK  |y PREZ  |7 0  |p 17A0375155  |o snkSC 110833/1  |i snkKSP 2345/2003  |0 0  |1 0  |4 0  |d 2003-02-14  |f 1  |l 0  |r 2025-10-01 00:00:00  |w 2026-02-24 
952 |t P60, <04>, [BOOK], {604}  |a SNK  |b SNK  |y VYP  |7 0  |p 17A0375156  |o snkSC 110833/1 D1  |i snkKSP 2346/2003  |0 0  |1 0  |4 0  |d 2003-02-14  |l 0  |r 2005-01-02 00:00:00  |w 2026-02-24